| 000 | 00453pab a2200157 454500 | ||
|---|---|---|---|
| 008 | 180718b1984 xxu||||| |||| 00| 0 eng d | ||
| 100 | _aProcter, Robert J. | ||
| 245 | _aAssessing the impact of peak - load electricity pricing and the Solar - tax credits on the adoption of Solar Energy | ||
| 260 | _c1984 | ||
| 300 | _a49-55 | ||
| 362 | _aFeb. | ||
| 650 | _aSolar Energy | ||
| 700 | _aWallace E. Tyner | ||
| 773 | _aLand Economics | ||
| 909 | _a18460 | ||
| 999 |
_c18460 _d18460 |
||